01398nam a22001337a 4500008004100000100002200041245008500063260002700148300002800175520099400203650001801197700002301215773002601238191205b ||||| |||| 00| 0 eng d aMcPhilemy, Samuel aCentral banks under stress: Reputation, accountability and regulatory coherence  bPublic Administration  a97(3), 2019: p.489-498. aThis symposium homes in on an area of public administration that has been through a period of significant change in the last ten years. Since the global financial crisis, central banks have expanded their operations in financial markets, buying up vast quantities of assets as part of expansive monetary policy strategies. They have also played a leading role in the reform of financial regulation and have been entrusted with enhanced authority to supervise financial institutions. This activity has taken place amid heightened political contestation, with central banks increasingly viewed as the quintessence of a technocratic mode of governance that eschews traditional democratic control. The purpose of this symposium is to consider how central banks’ reputation, accountability and regulatory roles have changed since the financial crisis, and what those changes tell us about the balance of power between independent regulatory agencies and elected policy‐makers. - Reproduced. aCentral banks aMoschella, Manuela aPublic Administration